Constitución y Constitucionalismo.
Sparad:
| Huvudupphovsman: | |
|---|---|
| Materialtyp: | Okänd |
| Språk: | engelska spanska |
| Publicerad: |
Madrid, España:
Marcial Pons; Ediciones Jurídicas y Sociales,
2013.
|
| Serie: | Colección Prudentia Iuris.
|
| Ämnen: | |
| Taggar: |
Lägg till en tagg
Inga taggar, Lägg till första taggen!
|
MARC
| LEADER | 00000 a2200000 4500 | ||
|---|---|---|---|
| 003 | CL-VaPUC | ||
| 005 | 20220822114414.0 | ||
| 008 | 200117b ||||| |||| 00| 0 eng d | ||
| 999 | |c 376159 |d 376157 | ||
| 020 | |a 978-84-15664-51-2 | ||
| 040 | |c Pontificia Universidad Católica de Valparaíso | ||
| 041 | 0 | |a spa | |
| 082 | |a 342.029 CAS 2013 | ||
| 100 | |a Castellano, Danilo |e autor |9 605072 | ||
| 245 | 1 | 0 | |a Constitución y Constitucionalismo. |
| 260 | 3 | |a Madrid, España: |b Marcial Pons; |b Ediciones Jurídicas y Sociales, |c 2013. | |
| 300 | |a 144 páginas. | ||
| 490 | 0 | 0 | |a Colección Prudentia Iuris. |
| 500 | |a c.2 Donación Familia Prof. Alejandro Guzmán Brito. | ||
| 505 | 0 | |a Capítulos: I. Constitución y constitucionalismo. II. Constitución y poder constituyente. III. Constitución y democracia. IV. Constitución e interpretación. | |
| 583 | |k Hugo Gaete |c 20200117 | ||
| 650 | 0 | 0 | |a Constitucionalismo |9 341373 |
| 650 | 0 | 0 | |a Democracia |9 255256 |
| 650 | 0 | 0 | |a Poder constituyente |9 377467 |
| 942 | |2 ddc |c BK |n 0 | ||
| 952 | |0 0 |1 0 |2 ddc |4 0 |6 342_029000000000000_CAS_2013 |7 0 |9 495327 |a BIBDER |b BIBDER |d 2020-01-02 |e 36 |g 6156.00 |i 5569346 |o 342.029 CAS 2013 |p 5569346 |r 2023-01-25 |t 1 |v 6156.00 |w 2020-01-02 |y BK |k DER | ||
| 952 | |0 0 |1 0 |2 ddc |4 0 |6 342_029000000000000_CAS_2013 |7 1 |8 C_AGB |9 580132 |a BIBDER |b BIBDER |d 2022-01-05 |e Donación |i 5635055 |o 342.029 CAS 2013 |p 5635055 |r 2023-01-25 |t 2 |w 2022-01-05 |y BK_US |k AGB | ||